000 00544nam a2200193 a 4500
001 1770798117931
003 YourLibrary
005 20260211135742.0
008 260211s2001##################000#0#eng##
020 _a9780763711054
082 0 4 _a306.85
_bMUN
100 1 _aMunhall, Patricia L.,
_eauthor.
245 1 0 _aThe Emergence of Family Into the 21st Century :
260 _bJones & Bartlett Learning,
_c2001.
300 _a368 pages
650 0 _aFamily & Relationships.
942 _cENGLISH
040 _aYourLibrary
_beng
_cYourLibrary
999 _c611632
_d611632